The Law of Evidence Revised Fifth Edition /

Detalles Bibliográficos
Autor principal: Paciocco, David M.
Otros Autores: Stuesser, Lee
Formato: eBook
Lenguaje:inglés
Publicado: Toronto: Irwin Law Inc., 2008
Edición:Quinta Edicin̤
Materias:
Acceso en línea:Acceso restringido

MARC

LEADER 00000nam a22000007a 4500
005 20210902222224.0
007 cr|||| ||||
008 210902s2008 ca |||||s|||| 00||0 eng d
020 |a 9781459340206 
035 |a 35359 
040 |a vLex 
090 |c 12219  |d 12219 
100 1 |a Paciocco, David M. 
245 1 3 |a The Law of Evidence  |h [Recurso electrn̤ico] :  |b Revised Fifth Edition /  |c David M. Paciocco, Lee Stuesser 
250 |a Quinta Edicin̤ 
256 |a Servicio en ln̕ea 
260 |a Toronto:  |b Irwin Law Inc.,  |c 2008 
300 |a 1 recurso electrn̤ico 
506 1 |a Disponible solo en los productos indicados  |d vLex Global  |d vLex Global (Academic Edition, excluding Law Schools)  |d vLex Global (U.S. Academic Edition, Law Schools)  |d vLex Global (U.S. Academic Edition, excluding Law Schools)  |d vLex Global (Academic Edition, Law Schools) 
650 0 4 |a Derecho Penal  |z Canad̀ 
700 1 |a Stuesser, Lee 
740 0 |a vLex Libros (Servicio en ln̕ea) 
856 4 0 |u https://app.vlex.com/#/sources/35359  |z Acceso restringido 
942 |c BOOK 
999 0 |a Criminal law